Statistics for Land Borders between Landlocked Countries

Click here to take the quiz!

General Stats

  • This quiz has been taken 175 times
  • The average score is 28 of 38

Answer Stats

COUNTRIES% Correct
Austria - Liechtenstein
91%
Liechtenstein - Switzerland
89%
Austria - Hungary
85%
Austria - Switzerland
85%
Chad - Niger
83%
Czech Republic - Slovakia
83%
Austria - Czech Republic
81%
Bolivia - Paraguay
80%
Burkina Faso - Mali
80%
Hungary - Slovakia
80%
Kazakhstan - Uzbekistan
80%
Botswana - Zimbabwe
79%
Kosovo - Serbia
79%
Afghanistan - Tajikistan
78%
Afghanistan - Turkmenistan
78%
Burundi - Rwanda
78%
Central African Republic - Chad
77%
Zambia - Zimbabwe
77%
Afghanistan - Uzbekistan
76%
Austria - Slovakia
76%
Kazakhstan - Kyrgyzstan
76%
Kazakhstan - Turkmenistan
76%
Kyrgyzstan - Tajikistan
76%
Botswana - Zambia
75%
Rwanda - Uganda
75%
Mali - Niger
74%
Burkina Faso - Niger
73%
Kosovo - Macedonia
71%
Kyrgyzstan - Uzbekistan
69%
Armenia - Azerbaijan
67%
Malawi - Zambia
67%
Turkmenistan - Uzbekistan
67%
Hungary - Serbia
66%
Macedonia - Serbia
65%
Tajikistan - Uzbekistan
63%
Central African Republic - South Sudan
61%
Ethiopia - South Sudan
59%
South Sudan - Uganda
52%

Score Distribution

Percentile by Number Answered

Percent of People with Each Score

Your Score History

You have not taken this quiz